000 00856nac a22002171u 4500
010 _a007375418
020 _a9780521691321
082 _a821.91209
_bCOR
090 _c8174
_d8174
100 _aCorcoran, Neil.[ed.]
245 _aThe Cambridge Companion To Twentieth-Century English Poetry /
_cEdited By Neil Corcoran.
260 _aCambridge:
_bCambridge University Press,C.2007.
_cC.2007
300 _a268p;
_c19cm.
500 _aDistributer: Al-Ahram.
504 _aIncludes Index.
511 _aCatalogued By: Mahitab.
650 _aEnglish poetry -- 20th century -- History and criticism.
650 _aPoetry in English 1900-
942 _cBB
_k821.91209
999 _c8174
_d8174